Qui sont ces médaillés aux Jeux Olympiques 2024 ? - Athlétisme - Statistiques

Statistiques générales
  • Ce quiz a été pris 104 fois
  • Le résultat moyen est 14 sur 36
Statistiques - réponses
Par images Hint Réponse % Correct
Suède Armand Duplantis
100%
États Unis Noah Lyles
90%
Pays Bas Femke Bol
77%
Qatar Mutaz Essa Barshim
74%
France Cyrena Samba-Mayela
72%
Pays Bas Sifan Hassan
63%
Botswana Letsile Tebogo
62%
États Unis Shacarri Richardson
62%
Canada Andre De Grasse
56%
Sainte Lucie Julien Alfred
56%
Norvège Karsten Warholm
54%
États Unis Sydney McLaughlin Levrone
49%
Belgique Nafissatou Thiam
46%
Jamaïque Kishane Thompson
42%
Norvège Jakob Ingebrigtsen
40%
États Unis Gabrielle Thomas
37%
États Unis Grant Holloway
36%
États Unis Rai Benjamin
36%
Kenya Faith Kipyegon
35%
États Unis Sam Kendricks
33%
Maroc Soufiane El Bakkali
31%
Australie Nina Kennedy
28%
Kenya Beatrice Chebet
26%
Royaume Uni Matthew Hudson Smith
24%
Jamaïque Roje Stona
21%
États Unis Valarie Allman
21%
Espagne Maria Perez
15%
Inde Neeraj Chopra
15%
Bahreïn Winfred Yavi
14%
Canada Ethan Katzberg
13%
Ukraine Yaroslava Mahuchikh
13%
Éthiopie Tamirat Tola
10%
Jamaïque Shanieka Ricketts
9%
Pakistan Arshad Nadeem
8%
Équateur Brian Daniel Pintado
5%
Chine Yang Jiayu
1%
Aucun quiz correspondant
Distribution des résultats
% des personnes avec chaque résultat
Percentile par nombre de réponses
Votre historique - résultats
Vous n’avez pas pris ce quiz